|
|
|
|
| LEADER |
00996nam a22002657a 4500 |
| 001 |
35697 |
| 003 |
BD-DhAAL |
| 005 |
20211206131233.0 |
| 008 |
200308t2005 ii ||||| b||| 001 0 eng d |
| 999 |
|
|
|c 42305
|d 42305
|
| 020 |
|
|
|a 8126126353
|
| 020 |
|
|
|a 9788126126354
|
| 040 |
|
|
|a BD-DhAAL
|
| 082 |
|
|
|a 374.454
|
| 100 |
|
|
|a Sharma, Dinesh Chander
|9 39828
|
| 245 |
|
|
|a Management of distance education /
|c Dinesh Chander Sharma
|
| 260 |
|
|
|a New Delhi, India :
|b Anmol Publications,
|c c2005.
|
| 300 |
|
|
|a ix, 207 pages ;
|c 23 cm.
|
| 504 |
|
|
|a Includes bibliographical references and index.
|
| 526 |
|
|
|a BIED
|
| 541 |
|
|
|a Complimentary copy from BIED
|e 35697
|
| 650 |
|
|
|a Distance education
|z India.
|9 39829
|
| 852 |
|
|
|a Ayesha Abed Library
|c BIED Collection
|
| 942 |
|
|
|2 ddc
|c BK
|
| 952 |
|
|
|0 0
|1 0
|2 ddc
|4 0
|6 374_454000000000000_SHA
|7 0
|9 68110
|a BRACUL
|b BRACUL
|c GEN
|d 2020-03-08
|e Complimentary copy from BIED
|l 0
|o 374.454 SHA
|p 3010035697
|r 2020-03-08
|t 1
|w 2020-03-08
|y BK
|x Transferred from BIED to General Stacks
|